Religion and state formation in postrevolutionary Mexico
| Main Author: | |
|---|---|
| Format: | Print Book |
| Language: | English |
| Subito Delivery Service: | Order now. |
| Check availability: | HBZ Gateway |
| WorldCat: | WorldCat |
| Interlibrary Loan: | Interlibrary Loan for the Fachinformationsdienste (Specialized Information Services in Germany) |
| Published: |
Durham, NC [u.a.]
Duke Univ. Press
2013
|
| In: | Year: 2013 |
| Standardized Subjects / Keyword chains: | B
Mexico
/ State
/ Holy See (motif)
/ History 1929-1946
|
| Further subjects: | B
Church and state Mexico History 20th century
B Mexico History 1910-1946 B Catholic Church Political activity Mexico 20th century B Mexico History Revolution, 1910-1920 Religious aspects |
| Online Access: |
Table of Contents Blurb (Publisher) |
MARC
| LEADER | 00000cam a2200000 c 4500 | ||
|---|---|---|---|
| 001 | 1619856034 | ||
| 003 | DE-627 | ||
| 005 | 20251225201655.0 | ||
| 007 | tu | ||
| 008 | 121123s2013 xx ||||| 00| ||eng c | ||
| 016 | 7 | |a 016172413 |2 UK | |
| 020 | |a 9780822353225 |c (hbk.) £67.00 |9 978-0-8223-5322-5 | ||
| 020 | |a 0822353229 |c (hbk.) £67.00 |9 0-8223-5322-9 | ||
| 020 | |a 9780822353379 |c (pbk.) £16.99 |9 978-0-8223-5337-9 | ||
| 020 | |a 0822353377 |c (pbk.) £16.99 |9 0-8223-5337-7 | ||
| 035 | |a (DE-627)1619856034 | ||
| 035 | |a (DE-576)375656111 | ||
| 035 | |a (DE-599)BSZ375656111 | ||
| 035 | |a (OCoLC)820521714 | ||
| 040 | |a DE-627 |b ger |c DE-627 |e rakwb | ||
| 041 | |a eng | ||
| 082 | 0 | |a 322.109720904 | |
| 084 | |a 1 |2 ssgn | ||
| 100 | 1 | |0 (DE-588)1033762113 |0 (DE-627)742481050 |0 (DE-576)187024510 |4 aut |a Fallaw, Ben |d 1966- | |
| 109 | |a Fallaw, Ben 1966- | ||
| 245 | 1 | 0 | |a Religion and state formation in postrevolutionary Mexico |c Ben Fallaw |
| 263 | |a Erscheint: 01. Januar 2013 | ||
| 264 | 1 | |a Durham, NC [u.a.] |b Duke Univ. Press |c 2013 | |
| 300 | |a XX, 329 S. | ||
| 336 | |a Text |b txt |2 rdacontent | ||
| 337 | |a ohne Hilfsmittel zu benutzen |b n |2 rdamedia | ||
| 338 | |a Band |b nc |2 rdacarrier | ||
| 500 | |a Includes bibliographical references and index | ||
| 583 | 1 | |a Archivierung/Langzeitarchivierung gewährleistet |f SSG |x XA-DE-BW |2 pdager |5 DE-21 | |
| 601 | |a Religion | ||
| 653 | |a Catholic Church |a Political activity |a Mexico |a 20th century | ||
| 653 | |a Church and state |a Mexico |a History |a 20th century | ||
| 653 | |a Mexico |a History |a Revolution, 1910-1920 |a Religious aspects | ||
| 653 | |a Mexico |a History |a 1910-1946 | ||
| 689 | 0 | 0 | |d g |0 (DE-588)4039058-5 |0 (DE-627)106229710 |0 (DE-576)209033096 |2 gnd |a Mexiko |
| 689 | 0 | 1 | |d s |0 (DE-588)4056618-3 |0 (DE-627)106154303 |0 (DE-576)209118288 |2 gnd |a Staat |
| 689 | 0 | 2 | |d b |0 (DE-588)2009545-4 |0 (DE-627)101659261 |0 (DE-576)191644501 |2 gnd |a Katholische Kirche |
| 689 | 0 | 3 | |q z |2 gnd |a Geschichte 1929-1946 |
| 689 | 0 | |5 (DE-627) | |
| 856 | 4 | 2 | |u https://swbplus.bsz-bw.de/bsz375656111inh.htm |m B:DE-576;DE-21 |q application/pdf |v 20130502092254 |x Verlag |3 Inhaltsverzeichnis |7 1 |
| 856 | 4 | 2 | |u https://swbplus.bsz-bw.de/bsz375656111kla.htm |m B:DE-576;DE-21 |q application/pdf |v 20130502092255 |x Verlag |3 Klappentext |7 1 |
| 935 | |a mteo | ||
| 951 | |a BO | ||
| ELC | |b 1 | ||
| ITA | |a 1 |t 1 | ||
| LOK | |0 000 xxxxxcx a22 zn 4500 | ||
| LOK | |0 001 3228124169 | ||
| LOK | |0 003 DE-627 | ||
| LOK | |0 004 1619856034 | ||
| LOK | |0 005 20130422110611 | ||
| LOK | |0 008 121123||||||||||||||||ger||||||| | ||
| LOK | |0 040 |a DE-21 |c DE-627 |d DE-21 | ||
| LOK | |0 852 |a DE-21 | ||
| LOK | |0 852 1 |c 53 A 3500 |9 00 | ||
| LOK | |0 935 |a theo | ||
| LOK | |0 936ln |a t4.14 | ||
| LOK | |0 938 |a 1304 |f 2 | ||
| LOK | |0 939 |a 23-11-12 |b l01 | ||
| ORI | |a SA-MARC-ixtheoa001.raw | ||
| REF | |a Staat-Kirche-Verhältnis | ||
| REL | |a 1 | ||
| STA | 0 | 0 | |a Holy See (motif),Catholic church,Catholic Church,Catholic Church,Former pilgrimage church Saint Ottilia,Mexico,Mexico City,Mexico,Mexico,Northwestern Mexico,Northern Mexico,State,Country,State, The, in literature,State, The, in art |
| STB | 0 | 0 | |a Saint-Siège (motif),Église catholique,Église catholique,État,État |
| STC | 0 | 0 | |a Estado,Estado,Movimiento juvenil católico |
| STD | 0 | 0 | |a Chiesa cattolica,Stato,Stato |
| STE | 0 | 0 | |a 国家,天主教会,罗马公教 |
| STF | 0 | 0 | |a 國家,天主教會,羅馬公教 |
| STG | 0 | 0 | |a Estado,Estado,Igreja católica |
| STH | 0 | 0 | |a Государство (мотив),Государство,Католическая церковь (мотив) |
| STI | 0 | 0 | |a Καθολική Εκκλησία (μοτίβο),Κράτος (μοτίβο),Κράτος |
| SUB | |a REL | ||
| SYG | 0 | 0 | |a Mexico , Ciudad de México,Mexico-City,Mexiko-City,Mexiko,Mexico City,Mégigo,Mégico,Mexiko-Stadt,Méjico,Messico,Città del Messico,México,México,Federación Méxicana,Méxique,Méxique,Estados Unidos Mexicanos,Vereinigte Mexikanische Staaten,Mexiko,República Mexicana,United Mexican States,Méjico,México,Mexique,Mexiko,Federación Mexicana,Mexique,United States of Mexico , Land,Staatswesen,Staaten , Katolikus Egyház,RCC,Katoličeskaj Cerkovʹ,Katoličke Cerkve,Katolska Cyrkej,Katolske Kirke,Ecclesia Catholica,Igreja Católica,Römisch-Katholische Kirche,Katholikē Ekklēsia,Catholic Church,Roman Catholic Church,Eglise Catholique,Eglise Catholique Romaine,Chiesa Cattolica,Katholieke Kerk,Iglesia Católica,Katolické Církve,Kościoł Katolicki,Katoličke Crkve,Eglise catholique romaine,Chiesa cattolica romana,Roman catholic Church,Eglise catholique,Römische Kirche , Eglise catholique,Roman Catholic Church,Catholic Church , Ehemalige Wallfahrtskirche Sankt Ottilia |
| TIM | |a 100019290101_100019461231 |b Geschichte 1929-1946 | ||



